000 00478nam a2200181Ia 4500
005 20240823032807.0
008 240823s9999||||xx |||||||||||||| ||und||
020 _a978-81-8487-032-9
041 _aENGLISH
082 _A621.47 Q1
100 _aRam Kumar P V
245 0 _aThemal Engineering a Textbook of Practicals
250 _a1st
260 _c2011
_bNarosa Publishing House New
500 _aTRANSFERED
650 _aThermal Engineering
_bMechanical
942 _cBK
999 _c194271
_d194271